00765nam a22002057a 450000100060000000300080000600500170001400800410003103500190007204000350009104100080012608200300013410000260016424501180019026000770030830000380038550200830042365000180050670000350052481010BD-RjUL20230207120119.0221222s2000 bg |||| m||| 00| 0 eng d a(BD-RjUL)81010 aBD-RjULbengcBD-RjULdBD-RjUL aeng 223a297.1226046bAMT 2000 aAmin, Muhammad. Ruhul10aTafsir :bIts growth and development In Muslim Spain /cBy Muhammad. Ruhul Amin ;6Supervisor : M. S. A. Ibrahimy aRajshahi :bDepartment of Islamic Studies, University of Rajshahi,c2000 axiv, 255 leaves :bill, ;c29.cm. aThesis (Ph. D.) -- Department of Islamic Studies, University of Rajshahi, 2000 aMuslimxSpain aIbrahimy, M. S. A. Supervisor